LEADER 01718nam2 2200361 i 450 001 SUN0056064 005 20180918102522.702 010 $a978-02-01-02116-5$d0.00 100 $a20061115d1963 |0engc50 ba 101 $aeng 102 $aUS 105 $a|||| ||||| 200 1 $aˆ1: ‰Mainly mechanics, radiation, and heat$fRichard P. Feynman, Robert B. Leighton, Matthew Sands 210 $aReading, Mass. [etc.]$cAddison Wesley$d1963 215 $a1 v. (paginazione varia)$cill.$d29 cm. 461 1$1001SUN0056038$12001 $aˆThe ‰Feynman lectures on physics$fRichard P. Feynman, Robert B. Leighton, Matthew Sands$v1$1210 $aReading, Mass. [etc.]$cAddison Wesley$1215 $av.$cill.$d29 cm. 606 $a00A79 (77-XX)$xPhysics [MSC 2020]$2MF$3SUNC023182 620 $aUS$dReading$3SUNL000022 700 1$aFeynman$b, Richard P.$3SUNV017112$046772 701 1$aLeighton$b, Robert B.$3SUNV024286$0757 701 1$aSands$b, Matthew$3SUNV024287$0758 712 $aAddison Wesley$3SUNV000076$4650 790 1$aFeynman, Richard Phillips$zFeynman, Richard P.$3SUNV050473 790 1$aFeynman, R.P.$zFeynman, Richard P.$3SUNV065374 790 1$aFeynman, R. P.$zFeynman, Richard P.$3SUNV065375 790 1$aLeighton, R. B.$zLeighton, Robert B.$3SUNV065376 790 1$aSands, Matthew L.$zSands, Matthew$3SUNV044481 790 1$aSands, Matthew Linzee$zSands, Matthew$3SUNV050474 801 $aIT$bSOL$c20200727$gRICA 912 $aSUN0056064 950 $aUFFICIO DI BIBLIOTECA DEL DIPARTIMENTO DI MATEMATICA E FISICA$d08PREST 77-XX 1377 $e08VS 4351 I 20061115 996 $aMainly mechanics, radiation, and heat$91405237 997 $aUNICAMPANIA LEADER 01630cam0-22005411i-450 001 990001635700403321 005 20220701125232.0 035 $a000163570 035 $aFED01000163570 035 $a(Aleph)000163570FED01 100 $a20030910d1973----km-y0itay50------ba 101 1 $aita$ceng 102 $aIT 105 $aa---a---001yy 200 1 $aPrincipi di ecologia$fEugene P. Odum$gtraduzione italiana della III edizione americana a cura della dr.ssa Anna Petris$gpresentata e rivista dal prof. Giuseppe Colombo 210 $aPadova$cPiccin Editore$dc1973 215 $aXV, 584 p.$cill.$d26 cm 454 0$12001$aFundamentals of ecology$916045 610 0 $aBioecologia 610 0 $aEcologia 676 $a574.5$v18$zita 676 $a577.2$v22$zita 700 1$aOdum,$bEugene Pleasants$f<1913- >$08871 702 1$aColombo,$bGiuseppe$c 702 1$aPetris,$bAnna 801 0$aIT$bUNINA$gRICA$2UNIMARC 901 $aBK 912 $a990001635700403321 952 $aMTD 1226$bMTD 1826$fDARPU 952 $a90 E 2A 04$b976$fFMEBC 952 $a60 581.5 B 19$b46985$fFAGBC 952 $a15 G/4-15$bs. i.$fDINID 952 $aBSF-577.2-ODU-1$fSC1 952 $aII C 100$b8991$fDMVSF 952 $a574.1-18$b6884$fDMVBF 952 $aBSF-574.5-EUG-1$b178$fSC1 952 $aBSF-574.5-EUG-1 A$b178$fSC1 952 $aFONDO ROSSI 518$bROSSI 550$fFARBC 959 $aFARBC 959 $aSC1 959 $aDARPU 959 $aFAGBC 959 $aDINID 959 $aFMEBC 959 $aDMVSF 959 $aDMVBF 996 $aFundamentals of ecology$916045 997 $aUNINA